Carregando...

Economic Problems of Agriculture in Industrial Societies

Detalhes bibliográficos
Principais autores: Charles Nunn, Ugo Papi
Formato: Printed Book
Idioma:Undetermined
Publicado em: Calcutta 1969
Macmillan company
Assuntos:
LEADER 00643nam a2200229Ia 4500
008 141122s9999 xx 000 0 und d
040 |c . 
041 |a English 
082 |a 338.1 
082 |b PAP/EC 
100 |a  Charles Nunn 
100 |a Ugo Papi  
245 |a Economic Problems of Agriculture in Industrial Societies 
245 |c Ugo Papi  
260 |b Calcutta 
260 |b Macmillan company 
260 |c 1969 
300 |a 671 Pages 
650 |a Extension 
942 |c BK 
999 |c 15279  |d 15279 
952 |0 0  |1 0  |4 0  |6 338_100000000000000_PAPEC  |7 0  |9 15033  |a COVAS  |b COVAS  |d 0000-00-00  |o 338.1 PAP/EC  |p 7195  |r 2014-11-26  |w 2014-11-26  |y BK